Shortening of improvement and selection cycle for obtaining rubber cultivars (TRanslated from Portugese) (Record no. 45945)

MARC details
000 -LEADER
fixed length control field 00410nam a2200133Ia 4500
100 ## - MAIN ENTRY--AUTHOR NAME
Personal name Goncalves Paulo de Sousa
245 #0 - TITLE STATEMENT
Title Shortening of improvement and selection cycle for obtaining rubber cultivars (TRanslated from Portugese)
260 ## - PUBLICATION, DISTRIBUTION, ETC. (IMPRINT)
Name of publisher Agronomica
Year of publication 1988
300 ## - PHYSICAL DESCRIPTION
Number of Pages 112-130
700 ## - ADDED ENTRY--PERSONAL NAME
Personal name Bortoleito Nelson
700 ## - ADDED ENTRY--PERSONAL NAME
Personal name Cardoso Mario
942 ## - ADDED ENTRY ELEMENTS (KOHA)
Koha item type Reprints
Holdings
Withdrawn status Lost status Damaged status Not for loan Home library Current library Date acquired Serial Enumeration / chronology Accession Number Koha item type
      Reprints RRII Library RRII Library 22/12/2021 Volume 40, Issue 2 P1300 Reprints